000 01146cam a22003137a 4500
003 CHAP
005 20220329133805.0
008 120612s2008 ck r 00010 spa d
010 _a10945
011 _a11917
020 _a9789586485692
035 _a11982
040 _cCHAP
082 0 4 _a370.118
_bS35 2008
100 1 _aSchnarch Kirberg, Alejandro
_9103087
245 1 0 _aCreatividad aplicada :
_bcómo estimular y desarrollar la creatividad a nivel personal, grupal y empresarial
_c/por Alejandro Schnarch Kirberg
250 _a2 ed.
260 _aBogotá, Col. :
_bEcoe Ediciones,
_c2008
300 _axiv,135 p.
490 0 _aCiencias administrativas.
_pÁrea administración
590 _aBATCH-UPD
_b10
_c20130110
_lUCH01
_h2110
590 _aCONVERSION
_b10
_c20130109
_lUCH01
_h1307
650 0 4 _aCreatividad.
_928870
830 0 _aCiencias administrativas.
_pÁrea administración
_923170
901 _aBK
942 _cLIBRO
949 _a370.118 S35 2008
_bBC
_cLIBRO
_d33724002339842
_eLIBRO
_gI.c/e
_h116912
_i11982
_sb
_t$305.60
949 _a370.118 S35 2008
_bBC
_cLIBRO
_d33724002339884
_eLIBRO
_fc.2
_gI.c/e
_h116913
_i11982
_sb
_t$305.60
999 _c10945
_d10945